[Event "Maikop Adygea op"]
[Site "Maikop"]
[Date "2023.02.01"]
[Round "6"]
[White "Shavrin, Boris"]
[Black "Zavgorodniy, Nikolay"]
[Result "1-0"]
[WhiteElo "1688"]
[BlackElo "1575"]
[PlyCount "137"]
[EventDate "2023.01.28"]
[EventType "swiss"]
[EventRounds "9"]
[EventCountry "RUS"]
[SourceTitle "CBM 213 Extra"]
[Source "ChessBase"]
[SourceDate "2023.05.31"]
[SourceVersion "1"]
[SourceVersionDate "2023.05.31"]
[SourceQuality "1"]

1. d4 d5 2. c4 e6 3. Nc3 Be7 4. Bf4 c6 5. e3 Nf6 6. Nf3 0-0 7. Qc2 Nbd7 8. h3 b6 9. cxd5 exd5 10. Bd3 Bb7 11. 0-0 Re8 12. Rfe1 Nf8 13. Rac1 Bd6 14. Bxd6 Qxd6 15. Ne5 g6 16. f4 N6d7 17. Nf3 f5 18. Qf2 Nf6 19. Ne5 N8d7 20. Nf3 Ne4 21. Qh4 Re7 22. Kh2 Nxc3 23. Rxc3 c5 24. Bb5 cxd4 25. exd4 Re4 26. Bxd7 Qxd7 27. Ng5 Rxe1 28. Qxe1 Re8 29. Qc1 Rc8 30. Nf3 Rxc3 31. Qxc3 Qc6 32. Qxc6 Bxc6 33. Ne5 Bb7 34. g4 fxg4 35. hxg4 Kf8 36. Kg3 Ke7 37. Kh4 Kf6 38. Nd7+ Ke7 39. Ne5 Kf6 40. Nf3 h6 41. Ne5 g5+ 42. fxg5+ hxg5+ 43. Kh5 Bc8 44. Nf3 b5 45. b4 Bd7 46. Nxg5 Ke7 47. Nf3 Kd6 48. Ne5 Be8+ 49. Kh6 Ke6 50. g5 Kf5 51. Kg7 Kxg5 52. Kf8 Bh5 53. Ke7 Kf4 54. Kd6 Ke4 55. Kc5 Be2 56. Nc6 Bc4 57. Nxa7 Bxa2 58. Nxb5 Bb3 59. Nc3+ Kf5 60. Nxd5 Ke6 61. Nc3 Kd7 62. b5 Kc8 63. d5 Bxd5 64. Nxd5 Kb7 65. Nb4 Kc8 66. Kb6 Kb8 67. Na6+ Ka8 68. Nc7+ Kb8 69. Ka6 1-0

[Event "Maikop Adygea op"]
[Site "Maikop"]
[Date "2023.01.31"]
[Round "5"]
[White "Shavrin, Boris"]
[Black "Ibragimov, Ruslan"]
[Result "1/2-1/2"]
[WhiteElo "1688"]
[BlackElo "1289"]
[PlyCount "33"]
[EventDate "2023.01.28"]
[EventType "swiss"]
[EventRounds "9"]
[EventCountry "RUS"]
[SourceTitle "CBM 213 Extra"]
[Source "ChessBase"]
[SourceDate "2023.05.31"]
[SourceVersion "1"]
[SourceVersionDate "2023.05.31"]
[SourceQuality "1"]

1. e4 e5 2. Nf3 Nc6 3. Bb5 a6 4. Ba4 d6 5. c3 Nf6 6. 0-0 Nxe4 7. Bxc6+ bxc6 8. Qa4 Nc5 9. Qxc6+ Bd7 10. Qd5 Be6 11. Qc6+ Bd7 12. Qd5 Be6 13. Qc6+ Bd7 14. Qd5 Be6 15. Qc6+ Bd7 16. Qd5 Be6 17. Qc6+ 1/2-1/2

[Event "Maikop Adygea Cup 74th"]
[Site "Maikop"]
[Date "2022.01.30"]
[Round "9"]
[White "Shavrin, Boris"]
[Black "Arefyev, Vadim"]
[Result "0-1"]
[WhiteElo "1736"]
[BlackElo "1996"]
[PlyCount "126"]
[EventDate "2022.01.22"]
[EventType "swiss"]
[EventRounds "9"]
[EventCountry "RUS"]
[SourceTitle "EXT 2023"]
[Source "ChessBase"]
[SourceDate "2022.10.05"]
[SourceVersion "1"]
[SourceVersionDate "2022.10.05"]
[SourceQuality "1"]

1. d4 Nf6 2. c4 e6 3. Nc3 b6 4. e3 Bb7 5. Nge2 Be7 6. Ng3 h5 7. h4 d6 8. e4 Nbd7 9. f3 c5 10. d5 e5 11. Bg5 g6 12. a4 a6 13. Bd3 Nh7 14. Bxe7 Qxe7 15. Qd2 Nhf6 16. b3 Ng8 17. 0-0-0 f6 18. Rdf1 0-0-0 19. Nge2 Nh6 20. g3 Rdf8 21. Kc2 Kc7 22. a5 bxa5 23. Na4 Kb8 24. Qxa5 Qd8 25. Qxd8+ Rxd8 26. Rb1 Rc8 27. b4 cxb4 28. Rxb4 Ka7 29. Rhb1 Rb8 30. Nb6 Nc5 31. Nc3 Ba8 32. Be2 Nf7 33. Nca4 Nxa4 34. Nxa4 Rxb4 35. Rxb4 Rb8 36. Rxb8 Kxb8 37. c5 Bb7 38. c6 Bc8 39. Nb6 a5 40. Kb3 Bh3 41. Ka4 f5 42. Kxa5 Bg2 43. exf5 gxf5 44. Nd7+ Kc7 45. Nf6 e4 46. fxe4 fxe4 47. Bxh5 Ne5 48. Ne8+ Kd8 49. Kb6 Nc4+ 50. Kb7 Ke7 51. c7 e3 52. c8Q Bxd5+ 53. Qc6 Na5+ 54. Kc7 Nxc6 55. Nxd6 Nd4 56. Bd1 Ne6+ 57. Kb6 Kxd6 58. h5 Ke5 59. h6 Be4 60. Bg4 Nd4 61. Kc5 e2 62. Bxe2 Nxe2 63. Kc4 Nxg3 0-1

[Event "Maikop Adygea Cup 74th"]
[Site "Maikop"]
[Date "2022.01.28"]
[Round "7"]
[White "Kozlenko, Daniil"]
[Black "Shavrin, Boris"]
[Result "1-0"]
[WhiteElo "1466"]
[BlackElo "1736"]
[PlyCount "83"]
[EventDate "2022.01.22"]
[EventType "swiss"]
[EventRounds "9"]
[EventCountry "RUS"]
[SourceTitle "EXT 2023"]
[Source "ChessBase"]
[SourceDate "2022.10.05"]
[SourceVersion "1"]
[SourceVersionDate "2022.10.05"]
[SourceQuality "1"]

1. d4 d5 2. c4 e6 3. Nc3 c6 4. e3 Nf6 5. Nf3 Nbd7 6. cxd5 exd5 7. Bd3 Bd6 8. 0-0 0-0 9. h3 Re8 10. Bd2 Nf8 11. Na4 Ng6 12. b4 Qe7 13. b5 cxb5 14. Bxb5 Bd7 15. Qb3 Rac8 16. Nc3 a6 17. Bd3 Bc6 18. Ne2 Bb8 19. Bf5 Bd7 20. Bxg6 hxg6 21. Qxb7 Bb5 22. Qxe7 Rxe7 23. Rfe1 Rc2 24. Bb4 Rb7 25. Nf4 Bc4 26. a3 Ne4 27. h4 Nxf2 28. Rec1 Rxc1+ 29. Rxc1 Ng4 30. Nxd5 Nxe3 31. Nxe3 Be6 32. d5 Bd7 33. d6 Ba7 34. Bc5 Bb8 35. Nd5 Rb5 36. Nb6 Bf5 37. Nd4 Rb2 38. Nxf5 gxf5 39. Nd7 f6 40. Nxb8 Rxb8 41. Rd1 Rd8 42. d7 1-0

[Event "Maikop Adygea Cup 74th"]
[Site "Maikop"]
[Date "2022.01.22"]
[Round "1"]
[White "Udovichenko, Nikolai"]
[Black "Shavrin, Boris"]
[Result "1-0"]
[WhiteElo "2149"]
[BlackElo "1736"]
[PlyCount "61"]
[EventDate "2022.01.22"]
[EventType "swiss"]
[EventRounds "9"]
[EventCountry "RUS"]
[SourceTitle "EXT 2023"]
[Source "ChessBase"]
[SourceDate "2022.10.05"]
[SourceVersion "1"]
[SourceVersionDate "2022.10.05"]
[SourceQuality "1"]

1. c4 e5 2. g3 Nc6 3. Bg2 Nf6 4. Nc3 Bb4 5. d3 Bxc3+ 6. bxc3 0-0 7. e4 h6 8. Ne2 d6 9. Rb1 b6 10. 0-0 Ne7 11. f4 Bb7 12. fxe5 dxe5 13. Bxh6 gxh6 14. Rxf6 Ng6 15. Rf2 Qg5 16. Kh1 Rad8 17. Qc2 c5 18. Rbf1 Bc8 19. Ng1 f5 20. exf5 Bxf5 21. Bd5+ Kg7 22. Qe2 Bg4 23. Rf7+ Rxf7 24. Rxf7+ Kh8 25. Qf2 Rd7 26. h3 Rxf7 27. Qxf7 Be6 28. Qxe6 Ne7 29. Be4 h5 30. h4 Qg7 31. Nf3 1-0

[Event "Adygea blitz op"]
[Site "Maikop"]
[Date "2019.05.04"]
[Round "1"]
[White "Shavrin, Boris"]
[Black "Khagurov, Nukh"]
[Result "0-1"]
[WhiteElo "1791"]
[BlackElo "2231"]
[PlyCount "30"]
[EventDate "2019.05.04"]
[EventType "swiss (blitz)"]
[EventRounds "11"]
[EventCountry "RUS"]
[SourceTitle "CBM 190 Extra"]
[Source "ChessBase"]
[SourceDate "2019.07.15"]
[SourceVersion "1"]
[SourceVersionDate "2019.07.15"]
[SourceQuality "1"]

1. e4 d6 2. d4 Nf6 3. Be3 Nbd7 4. Nc3 e5 5. Nf3 c6 6. dxe5 dxe5 7. Qd2 Bb4 8. h3 Nxe4 9. Qd3 Nxc3 10. bxc3 Be7 11. g4 0-0 12. Bg2 Bc5 13. Bg5 f6 14. Bh4 e4 15. Nd4 exd3 0-1

[Event "Adygea blitz op"]
[Site "Maikop"]
[Date "2019.05.04"]
[Round "3"]
[White "Shavrin, Boris"]
[Black "Pivovarova, Maria"]
[Result "1/2-1/2"]
[WhiteElo "1791"]
[BlackElo "2002"]
[PlyCount "51"]
[EventDate "2019.05.04"]
[EventType "swiss (blitz)"]
[EventRounds "11"]
[EventCountry "RUS"]
[SourceTitle "CBM 190 Extra"]
[Source "ChessBase"]
[SourceDate "2019.07.15"]
[SourceVersion "1"]
[SourceVersionDate "2019.07.15"]
[SourceQuality "1"]

1. e4 Nc6 2. Nf3 g6 3. d4 Bg7 4. Be3 d6 5. Nc3 Nf6 6. h3 Bd7 7. Qd2 h5 8. 0-0-0 e5 9. Bc4 Qe7 10. Kb1 0-0-0 11. Bb5 a6 12. Ba4 Rhe8 13. Ng5 Nxd4 14. Bxd7+ Qxd7 15. Bxd4 exd4 16. Qxd4 Kb8 17. Qc4 Re7 18. Rhe1 Bh6 19. Nf3 c6 20. e5 d5 21. Nd4 Ne8 22. Nb3 c5 23. Qe2 c4 24. Rxd5 Qc7 25. Rxd8+ Qxd8 26. Nc5 1/2-1/2

[Event "Adygea rapid op"]
[Site "Maikop"]
[Date "2019.05.02"]
[Round "5"]
[White "Esipenko, Aleksandr"]
[Black "Shavrin, Boris"]
[Result "1-0"]
[WhiteElo "2043"]
[BlackElo "1791"]
[PlyCount "71"]
[EventDate "2019.05.02"]
[EventType "swiss (rapid)"]
[EventRounds "9"]
[EventCountry "RUS"]
[SourceTitle "CBM 190 Extra"]
[Source "ChessBase"]
[SourceDate "2019.07.15"]
[SourceVersion "1"]
[SourceVersionDate "2019.07.15"]
[SourceQuality "1"]

1. e4 e6 2. d4 d5 3. e5 c5 4. c3 Qb6 5. a3 Nc6 6. Nf3 Bd7 7. b4 cxd4 8. cxd4 Rc8 9. Be3 a6 10. Bd3 f6 11. exf6 Nxf6 12. 0-0 Be7 13. Nbd2 0-0 14. Nb3 Na7 15. Nc5 Bb5 16. Ne5 Rfd8 17. g4 Bxd3 18. Qxd3 Bxc5 19. bxc5 Qb5 20. Qc2 Qe8 21. Rab1 Rb8 22. Bf4 Qe7 23. f3 Nb5 24. Qd3 Rbc8 25. a4 Na7 26. Rb6 Nc6 27. Rfb1 Nxe5 28. Bxe5 Rd7 29. Qb3 Kf7 30. Rxb7 Rxb7 31. Qxb7 Qxb7 32. Rxb7+ Kg6 33. Rb6 Nd7 34. Rxa6 Kf7 35. Ra7 Ke8 36. Bxg7 1-0

[Event "South FR-ch"]
[Site "Maikop"]
[Date "2018.03.25"]
[Round "2"]
[White "Osipov, Aleksandr"]
[Black "Shavrin, Boris"]
[Result "0-1"]
[WhiteElo "2015"]
[BlackElo "1828"]
[PlyCount "56"]
[EventDate "2018.03.24"]
[EventType "swiss"]
[EventRounds "9"]
[EventCountry "RUS"]
[SourceTitle "EXT 2019"]
[Source "ChessBase"]
[SourceDate "2018.10.10"]
[SourceVersion "1"]
[SourceVersionDate "2018.10.10"]
[SourceQuality "1"]

1. d4 Nf6 2. Nf3 g6 3. c4 Bg7 4. g3 0-0 5. Bg2 d5 6. 0-0 dxc4 7. Ne5 Na6 8. Nxc4 c6 9. Nc3 Be6 10. Ne5 Nd7 11. Nf3 Nb6 12. e4 Bg4 13. Ne2 Qd7 14. Be3 Nc4 15. Qb3 Nxe3 16. Qxe3 Rad8 17. Rfd1 e6 18. h3 Bxf3 19. Qxf3 Qe7 20. Qb3 Qb4 21. Rd3 Rd7 22. Rc1 Rfd8 23. a3 Qe7 24. Rcd1 c5 25. Qc4 cxd4 26. Nxd4 Qc5 27. Qxc5 Nxc5 28. Nxe6 fxe6 0-1